INTRODUCTION TO SCIENTIFIC PSYCHOLOGY (Record no. 10509)

MARC details
000 -LEADER
fixed length control field 00299nam a22001337a 4500
003 - CONTROL NUMBER IDENTIFIER
control field SGT
082 ## - DEWEY DECIMAL CLASSIFICATION NUMBER
Classification number 150
Item number I98S
100 ## - MAIN ENTRY--PERSONAL NAME
Personal name SCHLINGER, HENRY D.
245 ## - TITLE STATEMENT
Title INTRODUCTION TO SCIENTIFIC PSYCHOLOGY
260 ## - PUBLICATION, DISTRIBUTION, ETC. (IMPRINT)
Place of publication, distribution, etc USA
Name of publisher, distributor, etc SPRINGIER
Year of Publication 1998
300 ## - PAGE DESCRIPTION
No. of Pages 388
650 ## - SUBJECT ADDED ENTRY--TOPICAL TERM
Topical term or geographic name as entry element PSYCHOLOGY
942 ## - ADDED ENTRY ELEMENTS (KOHA)
Source of classification or shelving scheme Dewey Decimal Classification
Koha item type Books
Holdings
Withdrawn status Lost status Source of classification or shelving scheme Damaged status Not for loan Collection code Home library Current library Shelving location Date acquired Vendor Name Cost, normal purchase price SGTU Bill Number Total Checkouts Full call number Accession No. (Barcode) Date last seen Date last borrowed Bill Date Koha item type
    Dewey Decimal Classification     MEDICAL SGT Medical Library SGT Medical Library Reference Book 19/01/2017 ABC 0.00 SGTU 6069 1 150 I98S FM7646 06/06/2017 06/06/2017 11/09/2015 Books